• 首页
  • 本馆介绍
  • 公告通知
  • 最新文献
  • 馆藏检索
  • 电子资源
  • 读者导购
  • 参考咨询
  • 我的图书馆
  • 登录
  • 详细信息显示
  • 放入我的书架
  • 预约/预借图书
  • 作者相关作品
  • 分类相关作品
  • 丛书相关作品
  • 出版社相关作品

书目信息

  • 表格格式
  • 工作单格式
  • 卡片格式
题名:
天一阁珍藏系列
    
 
作者: 虞浩旭 主编 ;章玲 编撰
分册:   书法
出版信息: 宁波   宁波出版社  2006
页数: 99页
开本: 29cm
丛书名:
单 册:
中图分类: J292.21 , J121
科图分类:
主题词: 陶瓷--中国--古代--图录 , 美术 , 美术--作品--中国--画册 , 书法--中国 , 篆刻--中国
电子资源:
ISBN: 7-80743-036-2
000 00797nam0 2200289 450
001 003310888
005 20070803112410.23
010    @a7-80743-036-2@dCNY480.00(全6册)
100    @a20060426d2006 em y0chiy0110 ea
101 0  @achi
102    @aCN@b330000
105    @aa z 000yy
200 1  @a天一阁珍藏系列@9tian yi ge zhen cang xi lie@i书法@f虞浩旭主编
210    @a宁波@c宁波出版社@d2006
215    @a99页@d29cm
517 1  @a书法@Ashu fa
606 0  @a陶瓷@y中国@z古代@j图录
606 0  @a美术
606 0  @a美术@x作品@y中国@j画册
606 0  @a书法@x中国
606 0  @a篆刻@x中国
690    @aJ292.21@v4
690    @aJ121@v4
701  0 @a虞浩旭@9yu hao xu@f(1964~)@4主编
702  0 @a章玲@9zhang ling@c(艺术)@4编撰
801  0 @aCN@bNLC@c20070803
905    @a10447@dJ121@e87:1
    
    天一阁珍藏系列.书法/虞浩旭主编.-宁波:宁波出版社,2006
    99页;29cm
    
    
    ISBN 7-80743-036-2:CNY480.00(全6册)
    
●
相关链接 在E读中查询图书 在五车中查询图书 在当当中查询图书 在豆瓣中查询图书


正题名:天一阁珍藏系列     索取号:J121/87:1         预约/预借

序号 登录号 条形码 馆藏地/架位号 状态 备注
1 0801848   208018483   第一样本阅览室/ [索取号:J121/87:1] 在馆    
2 0801849   208018492   第一借阅区/ [索取号:J121/87:1] 在馆    
唐山师范学院图书馆 欢迎您!
大连网信软件有限公司© 版权所有